Legal and constitutional history of India : (Record no. 143206)

MARC details
000 -LEADER
fixed length control field 00718nam a22001937a 4500
005 - DATE AND TIME OF LATEST TRANSACTION
control field 20230417152555.0
010 ## - LCCN (DPL NO)
LC control number ENG-119601
020 ## - INTERNATIONAL STANDARD BOOK NUMBER
Terms of availability 495.00
International Standard Book Number 9788175342064
035 ## - SYSTEM CONTROL NUMBER
System control number EN-103133
037 ## - SOURCE OF ACQUISITION
Source of stock number/acquisition DBAD/PUB
082 ## - DEWEY DECIMAL CLASSIFICATION NUMBER
Classification number 345.4009
100 ## - MAIN ENTRY--PERSONAL NAME
Personal name Jois,M. Rama
245 ## - TITLE STATEMENT
Title Legal and constitutional history of India :
Statement of responsibility, etc by M. Rama Jois
Remainder of title ancient legal, Judicial and constitutional system /
260 ## - PUBLICATION, DISTRIBUTION, ETC. (IMPRINT)
Place of publication, distribution, etc Gurgaon
Name of publisher, distributor, etc Universal Law Publishinan imprint of Lexis Nexis
Date of publication, distribution, etc 2016
270 ## - ADDRESS
Address 14th floor,Building No-10, Tower-B,DLF Cyber City Phase-11
City Gurgaon
Postal code 122002
300 ## - PHYSICAL DESCRIPTION
Extent viii,723p.
Dimensions 25cm(pbk)
500 ## - GENERAL NOTE
General note Includes bibliographical references and index
942 ## - ADDED ENTRY ELEMENTS (KOHA)
Source of classification or shelving scheme Dewey Decimal Classification
Item type English Books
Call number suffix JOI
Classification part 345.4009
Holdings
Withdrawn status Lost status Not for loan Collection code Home library Current library Date acquired Source of acquisition Cost, normal purchase price Full call number Barcode Copy number Cost, replacement price Koha item type
      Non-fiction Central Jail Tihar Central Jail Tihar 09/08/2017 DBAD/PUB 495.00 345.4009 JOI EN-103133 1 495.00 English Books

© Delhi Public Library
Hit Counter
free hit counter